| 000 | 00412nam a2200157Ia 4500 | ||
|---|---|---|---|
| 005 | 20240807062424.0 | ||
| 008 | 240806s9999||||xx |||||||||||||| ||eng|| | ||
| 041 | _aeng | ||
| 082 |
_a294.59214 _bSARY |
||
| 100 | _aSwami Jagdishwaranand Saraswati | ||
| 245 | 0 |
_aYajurved suktisudha / _cSwami Jagdishwaranand Saraswati |
|
| 260 | _bArya Sahitya Bhawan Delhi | ||
| 300 | _a0 | ||
| 650 | _aSanskrit | ||
| 942 | _cBK | ||
| 999 |
_c18491 _d18491 |
||